000 00676nam a2200265Ia 4500
005 20260121171637.0
008 008 260114s9999 xx 000 0 eng d
020 _a9783030323578
037 _aEBOOK
040 _aCRL
040 _beng
040 _cCRL
041 _2eng
041 _aeng
084 _qCRL
100 _aN. A. Orr, M. Ploszajczak, F. M. Marqués, J. Carbonell
_91078740
245 0 _aRecent Progress in Few-Body Physics
260 _bSpringer
260 _bSpringer
260 _c2020
856 _uhttps://link.springer.com/openurl?genre=book&isbn=978-3-030-32357-8
942 _cEBOOK
999 _c1644471
_d1644471